Central Library OPAC University of Rajshahi

The Decameron / (Record no. 21803)

MARC details
000 -LEADER
fixed length control field 01162nam a2200289 a 4500
001 - CONTROL NUMBER
control field 21803
003 - CONTROL NUMBER IDENTIFIER
rucl marc code BD-RjUL
005 - DATE AND TIME OF LATEST TRANSACTION
control field 20211209000730.0
008 - FIXED-LENGTH DATA ELEMENTS--GENERAL INFORMATION
fixed length control field 140305t1967 enk 000 0 eng
035 ## - SYSTEM CONTROL NUMBER
System control number 10-04801
System control number (BD-RjUL)21868
040 ## - CATALOGING SOURCE
Original cataloging agency DLC
Transcribing agency IOD
Modifying agency m.c
-- EQO
-- BD-RjUL
Language of cataloging eng
041 1# - LANGUAGE CODE
Language code of text/sound track or separate title eng
Language code of original freita
082 04 - DEWEY DECIMAL CLASSIFICATION NUMBER
Classification number 851.1
Author mark and year BOD 1967
100 1# - MAIN ENTRY--PERSONAL NAME
Personal name Boccaccio, Giovanni,
Dates associated with a name 1313-1375.
9 (RLIN) 67313
245 14 - TITLE STATEMENT
Title The Decameron /
Statement of responsibility, etc. preserved to posterity by Giovanni Boccaccio, and translated into English anno 1620; with an introduction by Edward Hutton...
Number of part/section of a work Volume-IV
260 ## - PUBLICATION, DISTRIBUTION, ETC. (IMPRINT)
Place of publication, distribution, etc. New york :
Name of publisher, distributor, etc. AMS press,
Date of publication, distribution, etc. 1967.
300 ## - PHYSICAL DESCRIPTION
Pagination V-4 (xix, 311 p.) ;
Size 22 cm.
500 ## - GENERAL NOTE
General note "The first part of this translation, containing the first five days, is reprinted from the edition of 1625; the second part, containing the last five days, from that of 1620."--v. 1, on leaf preceding p. [1]
650 1# - SUBJECT ADDED ENTRY--TOPICAL TERM
Topical term or geographic name as entry element Italian fiction -- Translations into English.
9 (RLIN) 67314
700 1# - ADDED ENTRY--PERSONAL NAME
Personal name Hutton, Edward,
Dates associated with a name 1875-1969.
Personal name Henry, W.E.
830 #0 - SERIES ADDED ENTRY--UNIFORM TITLE
Uniform title Tudor translations
942 ## - ADDED ENTRY ELEMENTS (KOHA)
Source of classification or shelving scheme Dewey Decimal Classification
Koha item type Books
Holdings
Lost status Source of classification or shelving scheme Damaged status Not for loan Collection code Permanent Location Current Location Shelving location Date acquired Cost, normal purchase price Total Checkouts Full call number Date last seen Copy number Koha item type
  Dewey Decimal Classification   Added to bundle Fiction Central Library, University of Rajshahi Central Library, University of Rajshahi Reading Room 04/02/1971 118.00   851.1 BOD V-4 1967 05/03/2014 C-1 Books